000
00256nam a2200109 a 4500
005
20140414132053.0
008
110714s19uu xx 00 eng d
050
_a
ER
_b
C43
245
_a
Chicken Licken.
260
_a
New Delhi :
_b
Sterling.
999
_c
114246
_d
114246